Giáo trình kỹ thuật kinh doanh thương mại quốc tế

Kaydedildi:
Detaylı Bibliyografya
Yazar: Hà Thị Ngọc Oanh
Materyal Türü: Kitap
Dil:Undetermined
Baskı/Yayın Bilgisi: Hà Nội Thống Kê 2004
Konular:
Etiketler: Etiketle
Etiket eklenmemiş, İlk siz ekleyin!
Thư viện lưu trữ: Trung tâm Học liệu Trường Đại học Cần Thơ
LEADER 00562nam a2200193Ia 4500
001 CTU_74930
008 210402s9999 xx 000 0 und d
020 |b 85000 
082 |a 382 
082 |b O.408 
100 |a Hà Thị Ngọc Oanh 
245 0 |a Giáo trình kỹ thuật kinh doanh thương mại quốc tế 
245 0 |c Hà Thị Ngọc Oanh 
260 |a Hà Nội 
260 |b Thống Kê 
260 |c 2004 
650 |a international commerce 
904 |i Tuyến 
980 |a Trung tâm Học liệu Trường Đại học Cần Thơ